000 00520nam a2200193Ia 4500
003 GCL
008 140319s9999 xx 000 0 eng d
020 _a9625938389
040 _aGCL /
_cGCL
082 0 4 _a634.09593
_bH T
100 1 _aHUTTON, WENDY
245 1 0 _aTROPICAL FRUITS OF THAILAND & SE ASIA /
_cHUTTON, WENDY
700 1 _aCASSIO, ALBERTO
260 _aتايلانــد :
_bPERIPLUS EDITIONS ،
_c2000
300 _a18 CM ؛
_c62 P
650 0 4 _aFRUIT
650 0 4 _aFRUIT - THAILAND
942 _2ddc
_cBK
999 _c5900
_d5900